000 00212 a2200097 4500
001 32676
100 _aAlexander, Q
245 _aPrince Philip
260 _aLondon
_bHodder & Stoughton
_c
090 _c21877
_d21877
942 _aNUST-CAE
_cM
_c13199
999 _c267749
_d267749